Chinese Cities That Have Metro - Statistics

General Stats
  • This quiz has been taken 53 times
  • The average score is 34 of 47
Answers on the Map
Answers color-coded by a green-red scale on the quiz's map according to % correct below.
 
Answer Stats
Answer % Correct
Beijing
100%
Guangzhou
98%
Shanghai
98%
Chongqing
96%
Hong Kong
96%
Nanjing
96%
Xi'an
96%
Tianjin
93%
Wuhan
91%
Chengdu
89%
Ürümqi
89%
Hangzhou
87%
Harbin
87%
Shenzhen
87%
Xiamen
87%
Qingdao
84%
Shenyang
84%
Changsha
80%
Dalian
80%
Kunming
80%
Macau
80%
Zhengzhou
80%
Nanning
78%
Fuzhou
76%
Ningbo
76%
Hefei
73%
Jinan
71%
Changchun
69%
Dongguan
69%
Wenzhou
69%
Foshan
67%
Taiyuan
67%
Suzhou
64%
Nanchang
62%
Shijiazhuang
62%
Guiyang
60%
Hohhot
58%
Lanzhou
58%
Luoyang
56%
Wuxi
56%
Xuzhou
49%
Nantong
47%
Taizhou
40%
Changzhou
38%
Wuhu
29%
Jinhua
27%
Shaoxing
27%
No matching quizzes found
Score Distribution
Percent of People with Each Score
Percentile by Number Answered
Your Score History
You have not taken this quiz